| 000 | 00509 a2200169 4500 | ||
|---|---|---|---|
| 001 | 066664 | ||
| 003 | OSt | ||
| 005 | 20211005161142.0 | ||
| 008 | |||
| 082 |
_a338.954 _bI2I |
||
| 245 | 1 |
_aIndia's development scenario _cedited by Yatindra Singh Sisodia |
|
| 260 |
_aJaipur _bRawat Publication _c2009 |
||
| 300 | _a366p. | ||
| 690 | _aSocial policy; India; Social conditions; Economic history; Economic policy | ||
| 700 |
_aSisodia, Yatindra Singh _eEditor |
||
| 942 |
_2ddc _cBK |
||
| 999 |
_c680 _d680 |
||